000 01021nam a2200325 a 4500
001 000108819
003 CHAP
005 20220329144025.0
008 140313s2012 it |r| ||||||eng d
010 _a105281
011 _a106253
020 _a9789251070772
040 _cCHAP
082 0 4 _a641.30218
_bF268y 2012
110 2 _aFAO. Comisión del Codex Alimentarius
_939482
245 1 0 _aFood import and export inspection and certification systems /
_cpor FAO. Comisión del Codex Alimentarius.
250 _a5 ed.
260 _aRoma :
_bFAO,
_c2012.
300 _a112 p.
490 1 _aPrograma conjunto FAO/OMS sobre normas alimentarias
590 _aE5995AHE
_b05
_c20140313
_lUCH01
_h1254
590 _aE5995AHE
_b05
_c20140313
_lUCH01
_h1412
650 4 _aAditivos alimenticios.
_9907
650 4 _aAlimentos
_xExportación.
_94222
650 4 _aAlimentos
_xImportación.
_94226
830 0 _aPrograma conjunto FAO/OMS sobre normas alimentarias
_992254
901 _aBK
942 _cLIBRO
942 _n0
999 _c105281
_d105281